000 00774nam a2200253 a 4500
008
020 _a0080437818 (pbk.)
049 _aMAIN
090 _aREF HC59
_bPEO
110 1 _aWorld Resources Institute.
245 1 0 _aPeople and ecosystems :
_bthe fraying web of life /
_cWorld Resources 2000-2001.
260 _aAmsterdam :
_bElsevier Science,
_c2000.
300 _aix, 389 p. :
_bill. ;
_c28 cm.
500 _alncludes index.
504 _aIncludes bibliographical references.
650 0 _aEnvironmental health.
650 _aEnvironmental degradation.
650 _aEcology.
907 _a.b1030826x
_b24-05-12
_c20-02-12
003
005 20230123125409.0
040 _cNUST
942 _cBOOKS
_kREF HC59
_mPEO
999 _c140804
_d140804